000 00849nam a22001935i 4500
001 158435
003 ES-MaACL
005 20250825094003.0
008 040831s1898 sp |||| | spa d
100 1 _aMadero y Segovia, José Luis.
_9129318
245 1 0 _aConcepto clínico de la albuminuria
_b: memoria presentada para optar al grado de doctor en medicina y cirujía [sic] /
_cpor José Luis Madero y Segovia.
260 _aCádiz :
_b[s.n.,
_c1898?] (
_fTalleres Tip. de Manuel Álvarez)
300 _a46 p. ;
_c22 cm.
530 _aDisponible en formato digital.
650 7 _aAlbuminuria
_2embne
_9171198
852 _aES-MaACL
_jT-1047-F-5
_z-- Enc. hol. conservando la cub. original
_z-- Enc. en un vol. facticio
856 _uhttp://bdh-rd.bne.es/viewer.vm?id=0000116935&page=1
_zBiblioteca Digital Hispánica
999 _c158435
_d158435